00678nam a2200193 i 450000100060000000300090000600500170001500700030003200800410003510000300007624500620010626000430016830000220021149000430023383000510027685200200032799900170034795201200036440078ES-MaACL20230906160135.0t|030305s1907 fr ||||1| fre d1 aCanudo, Ricciotto.93470313aLe livre de l'evolution b: l'homme / cRicciotto Canudo. aParis : b[s.n., c1907] (fE. Sausoz) a326 p. ; c19 cm.1 aPsychologie musicale des civilisations0 aPsychologie musicale des civilisations9229727 aES-MaACLjD-434 c40078d40078 00104070aATENEOMbATENEOMcSVId2008-01-17eSCl0oD-434p901042196r2023-02-23 00:00:00w2023-02-23yMONOGRAFIA